000 00228nam a22001097a 4500
999 _c167026
_d167026
082 _a
_b
100 _aShivani
245 _aBhairavee/
_cby Shivani.
260 _aNew Delhi:
_bRadhakrishna,
_c2009.
650 _a
942 _cBK